Catálogo

Vista normal Vista MARC

Entrada Personal Name

Número de registros utilizados en: 1

001 - CONTROL NUMBER

  • control field: 16891

003 - CONTROL NUMBER IDENTIFIER

  • control field: DLC

005 - DATE AND TIME OF LATEST TRANSACTION

  • control field: 20250320130440.0

008 - FIXED-LENGTH DATA ELEMENTS

  • fixed length control field: 021211n| azannaabn |a aaa

010 ## - LIBRARY OF CONGRESS CONTROL NUMBER

  • LC control number: n 2002048216

035 ## - SYSTEM CONTROL NUMBER

  • System control number: (OCoLC)oca05931963

040 ## - CATALOGING SOURCE

  • Original cataloging agency: DLC
  • Language of cataloging: spa
  • Description conventions: rda
  • Transcribing agency: Mx-PuUPA
  • Modifying agency: DLC
  • Modifying agency: UPB
  • Modifying agency: DLC
  • Modifying agency: Mx-PuUPA

046 ## - SPECIAL CODED DATES

  • Birth date: 19720522
  • Source of date scheme: edtf

053 #0 - LC CLASSIFICATION NUMBER

  • Classification number element--single number or beginning number of span: PS3602.R6445

053 #0 - LC CLASSIFICATION NUMBER

  • Classification number element--single number or beginning number of span: PZ7.1.B7615
  • Explanatory term: Juvenile fiction, English

100 1# - HEADING--PERSONAL NAME

  • Personal name: Brooks, Max,
  • Dates associated with a name: 1972-

370 ## - ASSOCIATED PLACE

  • Place of birth: Nueva York, N.Y.

372 ## - FIELD OF ACTIVITY

  • Field of activity: Novela
  • Field of activity: Cuentos de terror
  • Source of term: lcsh

373 ## - ASSOCIATED GROUP

  • Associated group: Colegio Pitzer
  • Source of term: naf

374 ## - OCCUPATION

  • Occupation: Autor
  • Occupation: Guionista
  • Source of term: lcsh

375 ## - GENDER

  • Gender: hombre

377 ## - ASSOCIATED LANGUAGE

  • Language code: eng

400 1# - SEE FROM TRACING--PERSONAL NAME

  • Personal name: Brooks, Maximillian Michael
  • Dates associated with a name: 1972-

670 ## - SOURCE DATA FOUND

  • Source citation: The zombie survival guide, 2003:
  • Information found: ECIP t.p. (Max Brooks)

670 ## - SOURCE DATA FOUND

  • Source citation: Wikipedia, via WWW. July 22, 2013
  • Information found: (Maximillian Michael "Max" Brooks (born May 22, 1972 in New York City) is an American horror author and screenwriter; he graduated Pitzer College with a history major)

670 ## - SOURCE DATA FOUND

  • Source citation: Winning Westeros, 2019:
  • Information found: ECIP t.p. (edited by ... Max Brooks) data view (writer, public speaker, nonresident fellow at the Modern War Institute at West Point, and senior resident fellow at the Atlantic Council's Art of Future Warfare project)